空港のある市町村サドンデス - Statistics

General Stats
  • This quiz has been taken 28 times
    27 since last reset
  • The average score is 7 of 19
Answers on the Grid
Answers color-coded by a green-red scale on the quiz's grid according to % correct below.
稚内空港-稚内市
旭川空港-旭川市
女満別空港-北見市
釧路空港-釧路市
帯広空港-帯広市
丘珠空港-札幌市
函館空港-函館市
青森空港-青森市
秋田空港-秋田市
仙台空港-仙台市
山形空港-山形市
福島空港-福島市
富山空港-富山市
富士山静岡-静岡市
名古屋空港-名古屋市
大阪空港-大阪市
神戸空港-神戸市
鳥取空港-鳥取市
岡山空港-岡山市
広島空港-広島市
高松空港-高松市
徳島空港-徳島市
高知空港-高知市
松山空港-松山市
福岡空港-福岡市
佐賀空港-佐賀市
長崎空港-長崎市
大分空港-大分市
熊本空港-熊本市
宮崎空港-宮崎市
鹿児島空港-鹿児島市
那覇空港-那覇市
 
Answer Stats
Answer % Correct
稚内空港-稚内市
61%
丘珠空港-札幌市
44%
函館空港-函館市
44%
松山空港-松山市
44%
旭川空港-旭川市
39%
帯広空港-帯広市
39%
神戸空港-神戸市
39%
福岡空港-福岡市
39%
宮崎空港-宮崎市
39%
那覇空港-那覇市
39%
青森空港-青森市
33%
釧路空港-釧路市
28%
富山空港-富山市
28%
名古屋空港-名古屋市
28%
鳥取空港-鳥取市
28%
高松空港-高松市
22%
佐賀空港-佐賀市
22%
秋田空港-秋田市
17%
岡山空港-岡山市
17%
No matching quizzes found
Score Distribution
Percent of People with Each Score
Percentile by Number Answered
Your Score History
You have not taken this quiz since the last reset